Statistics for NBA Questions 3 (fixed)

Click here to take the quiz!

General Stats

  • This quiz has been taken 32 times
    (11 since last reset)
  • The average score is 11 of 21

Answer Stats

QuestionAnswer% Correct
Which team has NOT won a championship over 3 timesCavs
83%
Who starred in Space JamMichael Jordan
83%
Level 1 Who is the Raptors head coachNick Nurse
83%
who won the dunk contest (bonus)Hamidou Diallo
67%
who dunked on shaq and pulled out the vince carter (bonus)Hamidou Diallo
67%
Who won the skills challenge (bonus)Jayson Tatum
67%
Who met their wife at a rap video shootKobe Bryant
67%
Level 2 Who was fined for wearing his own shoeMichael Jordan
67%
Level 3 Who won back to back MVPsSteve Nash
67%
Which player was convicted of a crimeDeSean Stevenson
50%
who is most likely to win MVP?Giannis Antetokounmpo
50%
Which player has killed a lionManute Bol
50%
Which player was arrestedCaron Butler
33%
who has improved the mostDeAaron Fox
33%
which player has been accused of a crimeDwight Howard
33%
Which Player was arrestedJames Worthy
33%
Who didnt win a MVPnone of the above
33%
Who hasn't averaged OVER 25 pointsnone of the above
33%
Who got their ring to fit their middle fingerRasheed Wallace
33%
Which one of these G.O.A.T center averaged under 20 points for his careerRobert Parish
33%
Who averaged 18 4 and 4 in the triangle offenseDerrick Rose
17%

Score Distribution

Percentile by Number Answered

Percent of People with Each Score

Your Score History

You have not taken this quiz since the last reset